Dlhodobý hmotný majetok v účtovníctve poisťovní a jeho vykazovanie diplomová práca

Saved in:
Bibliographic Details
Main Author: Dudášová, Martina
Corporate Author: Fakulta hospodárskej informatiky EU. Katedra účtovníctva a audítorstva
Other Authors: Juhászová, Zuzana, 1970-
Format: Book
Language:Slovak
Published: Bratislava 2011
Tags: Add Tag
No Tags, Be the first to tag this record!

MARC

LEADER 00000nbm a2200000 4500
001 0132181
005 20161109101755.3
041 0 |a slo 
044 |a SK 
245 1 0 |a Dlhodobý hmotný majetok v účtovníctve poisťovní a jeho vykazovanie  |b diplomová práca  |c Martina Dudášová ; školiteľ: Zuzana Juhászová 
264 1 |a Bratislava  |c 2011 
300 |a 65 s. 
100 1 |a Dudášová, Martina 
700 1 |a Juhászová, Zuzana, 1970- 
710 2 |a Fakulta hospodárskej informatiky EU. Katedra účtovníctva a audítorstva